000 01140nab a2200205 i 4500
001 768714001
003 CO-MdFUSB
005 20240509165405.0
008 240509t1969 sp ||||| |||| 00| 0 spa d
040 _bspa.
_cCO-MdFUSB
_dCO-MdFUSB
100 _aGilkey, Langdon,
_eautor
245 _aTendencias en la apologética protestante
_c/ Langdon Gilkey
520 _aEste artículo, sobre las tendencias de la apologética protestante contemporánea, intenta cubrir los principios fundamentales presentes en algunas formas recientes de apologética protestante, con el objetivo de sacar conclusiones positivas sobre la apologética en un futuro próximo. No pretende proporcionar una explicación académica o exhaustiva de la amplia gama de teologías protestantes actuales.
650 7 _aTeología dogmática
_96937
650 7 _aApologética
_9187
653 _aTeología fundamental - católica
773 0 _049450
_982609
_oR2536
_tRevista internacional de teología Concilium
_w(CO-MdFUSB)8
_x0210-1041
_gNúmero 46, (junio, 1969), páginas: 449 - 472
_qpágina: 449
942 _cANA
945 _aCatherine Arias Alvarez - Practicante SENA
999 _c69639
_d69639